Building self-esteem in your child : how to give your child a healthy foundation for life

Bibliographic Details
Main Author: Baile, Susan (Author)
Format: Book
Published: Boulder, Colo. : CareerTrack , c1994
Subjects:

MARC

LEADER 00000cam a2200000 7i4500
001 0000007144
005 20031203093000.0
008 021119s1994
020 |a 15599771615 
090 0 0 |a BF723.S3   |b B2 kit 
100 0 |a Baile, Susan ,   |e author 
245 0 0 |a Building self-esteem in your child :   |b how to give your child a healthy foundation for life   |c Susan Baile 
260 2 |a Boulder, Colo. :   |b CareerTrack ,   |c c1994 
300 |a 4 audio cassettes 
650 0 |a Self-esteem in children 
999 |a 1000069749   |b Audio Cassette   |c Close Access   |e Gong Badak Campus 
999 |a 1000069750   |b Audio Cassette   |c Close Access   |e Gong Badak Campus 
999 |a 1000069751   |b Audio Cassette   |c Close Access   |e Gong Badak Campus 
999 |a 1000069752   |b Audio Cassette   |c Close Access   |e Gong Badak Campus 
999 |a 1000069869   |b Book   |c OPEN SHELF (30 DAYS)   |e Gong Badak Campus